PSYCHOLOGICAL TESTING: HISTORY, PRINCIPLES AND APPLICATION (Record no. 26857)

MARC details
000 -LEADER
fixed length control field 00377nam a22001577a 4500
003 - CONTROL NUMBER IDENTIFIER
control field SGT
020 ## - INTERNATIONAL STANDARD BOOK NUMBER
International Standard Book Number 9789323573819
082 ## - DEWEY DECIMAL CLASSIFICATION NUMBER
Classification number 150.28
Item number P24G
100 ## - MAIN ENTRY--PERSONAL NAME
Personal name GREGORY, ROBERT
245 ## - TITLE STATEMENT
Title PSYCHOLOGICAL TESTING: HISTORY, PRINCIPLES AND APPLICATION
250 ## - EDITION STATEMENT
Edition statement 7TH
260 ## - PUBLICATION, DISTRIBUTION, ETC. (IMPRINT)
Place of publication, distribution, etc INDIA
Name of publisher, distributor, etc PEARSON
Year of Publication 2024
300 ## - PAGE DESCRIPTION
No. of Pages 602
650 ## - SUBJECT ADDED ENTRY--TOPICAL TERM
Topical term or geographic name as entry element CLINICAL PSYCHOLOGY
942 ## - ADDED ENTRY ELEMENTS (KOHA)
Source of classification or shelving scheme Dewey Decimal Classification
Koha item type Books
Holdings
Withdrawn status Lost status Source of classification or shelving scheme Damaged status Not for loan Collection code Home library Current library Shelving location Date acquired Vendor Name Cost, normal purchase price SGTU Bill Number Full call number Accession No. (Barcode) Date last seen Bill Date Koha item type Total Checkouts Date last borrowed
    Dewey Decimal Classification   Not For Loan MEDICAL SGT Medical Library SGT Medical Library Reference Book 29/08/2024 SAVERA BOOK DISTRIBUTORS 790.00 SGTU 24-24/CRB/186 150.28 P24G FM14486 29/08/2024 25/06/2024 Books    
    Dewey Decimal Classification     MEDICAL SGT Medical Library SGT Medical Library Text Book 29/08/2024 SAVERA BOOK DISTRIBUTORS 790.00 SGTU 24-24/CRB/186 150.28 P24G FM14487 30/01/2026 25/06/2024 Books 1 16/01/2026
    Dewey Decimal Classification     MEDICAL SGT Medical Library SGT Medical Library Text Book 29/08/2024 SAVERA BOOK DISTRIBUTORS 790.00 SGTU 24-24/CRB/186 150.28 P24G FM14488 29/08/2024 25/06/2024 Books